Sudden Death: Best Picture Oscars, 1990s - Statistics

General Stats
  • This quiz has been taken 179 times
  • The average score is 6 of 10
Answers on the Grid
Answers color-coded by a green-red scale on the quiz's grid according to % correct below.
Dances With Wolves
The Silence of the Lambs
Unforgiven
Schindler's List
Forrest Gump
Braveheart
The English Patient
Titanic
Shakespeare in Love
American Beauty
Ghost
Goodfellas
Beauty and the Beast
The Prince of Tides
The Crying Game
Scent of a Woman
A Few Good Men
The Piano
Four Weddings and a Funeral
Pulp Fiction
The Shawshank Redemption
Apollo 13
Fargo
Jerry Maguire
Secrets & Lies
Good Will Hunting
L.A. Confidential
Saving Private Ryan
The Thin Red Line
The Cider House Rules
The Green Mile
The Sixth Sense
Bugsy
The Godfather Part III
The Fugitive
Sense and Sensibility
 
Answer Stats
Answer % Correct
1993 Schindler's List
68%
1997 Titanic
68%
1994 Forrest Gump
66%
1999 American Beauty
62%
1990 Dances With Wolves
60%
1991 The Silence of the Lambs
60%
1998 Shakespeare in Love
54%
1995 Braveheart
52%
1996 The English Patient
51%
1992 Unforgiven
50%
No matching quizzes found
Score Distribution
Percent of People with Each Score
Percentile by Number Answered
Your Score History
You have not taken this quiz